[Event "FIDE World Cup 2025"]
[Site "Goa, India"]
[Date "2025.11.02"]
[Round "2.14"]
[White "Husbands, Orlando"]
[Black "Svane, Frederik"]
[Result "0-1"]
[TimeControl ": 90 minutes for the first 40 moves, followed by 30 minutes for the rest of the gamewith an increment of 30 seconds per move starting from move 1"]
[WhiteFideId "11101644"]
[BlackFideId "12923044"]
[WhiteElo "2291"]
[BlackElo "2638"]

1. e4 {[%clk 01:30:55]} {[%emt 00:00:04]} e5 {[%clk 01:30:54]} {[%emt
00:00:06]} 2. Nf3 {[%clk 01:31:18]} {[%emt 00:00:08]} Nc6 {[%clk 01:31:19]}
{[%emt 00:00:05]} 3. d4 {[%clk 01:31:44]} {[%emt 00:00:03]} exd4 {[%clk
01:31:44]} {[%emt 00:00:05]} 4. Bc4 {[%clk 01:32:10]} {[%emt 00:00:04]} Nf6
{[%clk 01:32:04]} {[%emt 00:00:10]} 5. e5 {[%clk 01:32:37]} {[%emt 00:00:03]}
d5 {[%clk 01:26:41]} {[%emt 00:05:54]} 6. Bb5 {[%clk 01:33:04]} {[%emt
00:00:03]} Ne4 {[%clk 01:26:55]} {[%emt 00:00:16]} 7. Nxd4 {[%clk 01:33:30]}
{[%emt 00:00:04]} Bd7 {[%clk 01:27:22]} {[%emt 00:00:04]} 8. Bxc6 {[%clk
01:33:53]} {[%emt 00:00:07]} bxc6 {[%clk 01:27:48]} {[%emt 00:00:04]} 9. O-O
{[%clk 01:33:49]} {[%emt 00:00:32]} Bc5 {[%clk 01:23:12]} {[%emt 00:05:08]} 10.
f3 {[%clk 01:34:15]} {[%emt 00:00:02]} Ng5 {[%clk 01:23:12]} {[%emt 00:00:29]}
11. f4 {[%clk 01:33:42]} {[%emt 00:01:04]} Ne4 {[%clk 01:14:37]} {[%emt
00:09:06]} 12. Be3 {[%clk 01:34:09]} {[%emt 00:00:03]} Bb6 {[%clk 01:06:17]}
{[%emt 00:08:51]} 13. Nd2 {[%clk 01:34:36]} {[%emt 00:00:02]} Nxd2 {[%clk
00:56:42]} {[%emt 00:10:05]} 14. Qxd2 {[%clk 01:35:04]} {[%emt 00:00:02]} c5
{[%clk 00:56:50]} {[%emt 00:00:22]} 15. Nf3 {[%clk 01:35:31]} {[%emt 00:00:03]}
Bf5 {[%clk 00:47:47]} {[%emt 00:09:33]} 16. Rad1 {[%clk 01:22:18]} {[%emt
00:13:43]} d4 {[%clk 00:46:34]} {[%emt 00:01:43]} 17. Bf2 {[%clk 01:22:41]}
{[%emt 00:00:07]} Qd5 {[%clk 00:44:25]} {[%emt 00:02:39]} 18. c3 {[%clk
01:16:41]} {[%emt 00:06:30]} d3 {[%clk 00:27:39]} {[%emt 00:17:16]} 19. b3
{[%clk 00:55:15]} {[%emt 00:21:57]} c4 {[%clk 00:26:34]} {[%emt 00:01:35]} 20.
bxc4 {[%clk 00:48:55]} {[%emt 00:06:50]} Qxc4 {[%clk 00:26:40]} {[%emt
00:00:23]} 21. e6 {[%clk 00:49:11]} {[%emt 00:00:15]} fxe6 {[%clk 00:20:07]}
{[%emt 00:07:03]} 22. Ne5 {[%clk 00:49:39]} Qa4 {[%clk 00:19:51]} {[%emt
00:00:47]} 23. g4 {[%clk 00:47:03]} {[%emt 00:03:05]} Be4 {[%clk 00:20:06]}
{[%emt 00:00:15]} 24. Bxb6 {[%clk 00:46:15]} {[%emt 00:01:18]} axb6 {[%clk
00:20:24]} {[%emt 00:00:12]} 25. Qe3 {[%clk 00:45:32]} {[%emt 00:01:13]} O-O
{[%clk 00:11:38]} {[%emt 00:09:17]} 26. c4 {[%clk 00:45:44]} {[%emt 00:00:18]}
Bb7 {[%clk 00:11:46]} {[%emt 00:00:21]} 27. Qxd3 {[%clk 00:43:57]} {[%emt
00:02:18]} Qxa2 {[%clk 00:10:14]} {[%emt 00:02:01]} 28. Rf2 {[%clk 00:42:36]}
{[%emt 00:01:51]} Qa4 {[%clk 00:09:59]} {[%emt 00:00:45]} 29. h3 {[%clk
00:40:23]} {[%emt 00:02:43]} Be4 {[%clk 00:07:17]} {[%emt 00:03:13]} 30. Qe2
{[%clk 00:37:39]} {[%emt 00:03:14]} Qb3 {[%clk 00:07:27]} {[%emt 00:00:21]} 31.
Nd7 {[%clk 00:27:43]} {[%emt 00:10:26]} Ra2 {[%clk 00:05:03]} {[%emt 00:02:49]}
32. Rd2 {[%clk 00:24:33]} {[%emt 00:03:46]} Ra1+ {[%clk 00:05:19]} {[%emt
00:00:13]} 0-1

[Event "FIDE World Cup 2025"]
[Site "Goa, India"]
[Date "2025.11.02"]
[Round "2.15"]
[White "Gurel, Ediz"]
[Black "Efimov, Igor"]
[Result "1-0"]
[TimeControl ": 90 minutes for the first 40 moves, followed by 30 minutes for the rest of the gamewith an increment of 30 seconds per move starting from move 1"]
[WhiteFideId "44507356"]
[BlackFideId "806404"]
[WhiteElo "2634"]
[BlackElo "2331"]

1. e4 {[%clk 01:30:56]} {[%emt 00:00:03]} c5 {[%clk 01:30:40]} {[%emt
00:00:21]} 2. Nf3 {[%clk 01:31:14]} {[%emt 00:00:12]} e6 {[%clk 01:30:21]}
{[%emt 00:00:48]} 3. d4 {[%clk 01:31:27]} {[%emt 00:00:17]} cxd4 {[%clk
01:30:38]} {[%emt 00:00:13]} 4. Nxd4 {[%clk 01:31:50]} {[%emt 00:00:08]} a6
{[%clk 01:30:33]} {[%emt 00:00:35]} 5. c4 {[%clk 01:31:56]} {[%emt 00:00:23]}
g6 {[%clk 01:25:03]} {[%emt 00:06:00]} 6. Nc3 {[%clk 01:29:44]} {[%emt
00:02:43]} Bg7 {[%clk 01:24:02]} {[%emt 00:01:30]} 7. Be3 {[%clk 01:28:42]}
{[%emt 00:01:32]} Ne7 {[%clk 01:20:35]} {[%emt 00:03:57]} 8. Be2 {[%clk
01:24:52]} {[%emt 00:04:21]} O-O {[%clk 01:17:16]} {[%emt 00:03:47]} 9. O-O
{[%clk 01:21:21]} {[%emt 00:04:02]} d6 {[%clk 00:44:12]} {[%emt 00:33:34]} 10.
Qd2 {[%clk 01:18:45]} {[%emt 00:03:07]} Qc7 {[%clk 00:44:01]} {[%emt 00:00:41]}
11. Rfd1 {[%clk 01:16:47]} {[%emt 00:02:28]} Rd8 {[%clk 00:39:15]} {[%emt
00:05:15]} 12. Rac1 {[%clk 01:15:53]} {[%emt 00:01:24]} b6 {[%clk 00:29:56]}
{[%emt 00:09:50]} 13. Nb3 {[%clk 01:11:25]} {[%emt 00:04:58]} Bb7 {[%clk
00:27:46]} {[%emt 00:02:40]} 14. Na4 {[%clk 01:01:48]} {[%emt 00:10:07]} Nc8
{[%clk 00:28:08]} {[%emt 00:00:08]} 15. c5 {[%clk 01:01:45]} {[%emt 00:00:34]}
bxc5 {[%clk 00:28:29]} {[%emt 00:00:07]} 16. Naxc5 {[%clk 00:59:45]} {[%emt
00:02:31]} Nc6 {[%clk 00:28:25]} {[%emt 00:00:34]} 17. Nxb7 {[%clk 00:53:59]}
{[%emt 00:06:16]} Qxb7 {[%clk 00:28:19]} {[%emt 00:00:35]} 18. Na5 {[%clk
00:50:47]} {[%emt 00:03:43]} Nxa5 {[%clk 00:27:57]} {[%emt 00:00:52]} 19. Qxa5
{[%clk 00:51:11]} {[%emt 00:00:06]} Ne7 {[%clk 00:26:48]} {[%emt 00:01:39]} 20.
Rd2 {[%clk 00:45:35]} {[%emt 00:06:06]} Rdc8 {[%clk 00:10:41]} {[%emt
00:16:36]} 21. Rxc8+ {[%clk 00:44:36]} {[%emt 00:01:30]} Rxc8 {[%clk 00:10:59]}
{[%emt 00:00:11]} 22. Rxd6 {[%clk 00:44:09]} {[%emt 00:00:58]} Bxb2 {[%clk
00:07:49]} {[%emt 00:03:41]} 23. Bxa6 {[%clk 00:38:43]} {[%emt 00:05:55]} Qxe4
{[%clk 00:08:01]} {[%emt 00:00:17]} 24. Rd8+ {[%clk 00:38:58]} {[%emt
00:00:16]} Kg7 {[%clk 00:08:29]} {[%emt 00:00:02]} 25. Rxc8 {[%clk 00:39:07]}
{[%emt 00:00:20]} Nxc8 {[%clk 00:08:57]} {[%emt 00:00:03]} 26. Qc7 {[%clk
00:39:25]} {[%emt 00:00:12]} 1-0

[Event "FIDE World Cup 2025"]
[Site "Goa, India"]
[Date "2025.11.02"]
[Round "2.16"]
[White "Elbilia, Jacques"]
[Black "Chigaev, Maksim"]
[Result "1/2-1/2"]
[TimeControl ": 90 minutes for the first 40 moves, followed by 30 minutes for the rest of the gamewith an increment of 30 seconds per move starting from move 1"]
[WhiteFideId "9000127"]
[BlackFideId "4108116"]
[WhiteElo "2332"]
[BlackElo "2634"]

1. d4 {[%clk 01:30:57]} {[%emt 00:00:02]} Nf6 {[%clk 01:30:52]} {[%emt
00:00:08]} 2. Nf3 {[%clk 01:31:19]} {[%emt 00:00:08]} g6 {[%clk 01:30:17]}
{[%emt 00:01:05]} 3. Bg5 {[%clk 01:31:23]} {[%emt 00:00:25]} Bg7 {[%clk
01:30:36]} {[%emt 00:00:13]} 4. Nbd2 {[%clk 01:31:33]} {[%emt 00:00:19]} O-O
{[%clk 01:30:52]} {[%emt 00:00:14]} 5. e4 {[%clk 01:31:40]} {[%emt 00:00:24]}
d6 {[%clk 01:31:13]} {[%emt 00:00:08]} 6. h3 {[%clk 01:31:39]} {[%emt
00:00:31]} Nc6 {[%clk 01:31:24]} {[%emt 00:00:19]} 7. c3 {[%clk 01:29:50]}
{[%emt 00:02:19]} Qe8 {[%clk 01:26:12]} {[%emt 00:05:42]} 8. Bd3 {[%clk
01:29:43]} {[%emt 00:00:36]} e5 {[%clk 01:26:21]} {[%emt 00:00:22]} 9. O-O
{[%clk 01:29:04]} {[%emt 00:01:09]} Nd7 {[%clk 01:26:30]} {[%emt 00:00:21]} 10.
Rc1 {[%clk 01:19:56]} {[%emt 00:09:37]} Kh8 {[%clk 01:24:59]} {[%emt 00:02:01]}
11. Re1 {[%clk 01:09:27]} {[%emt 00:10:58]} Nd8 {[%clk 01:10:45]} {[%emt
00:14:44]} 12. Nc4 {[%clk 00:59:57]} {[%emt 00:10:00]} Ne6 {[%clk 01:08:34]}
{[%emt 00:02:42]} 13. Be3 {[%clk 00:59:42]} {[%emt 00:00:45]} b6 {[%clk
01:04:28]} {[%emt 00:04:36]} 14. b4 {[%clk 00:58:19]} {[%emt 00:01:54]} Bb7
{[%clk 01:02:26]} {[%emt 00:02:31]} 15. dxe5 {[%clk 00:54:00]} {[%emt
00:04:49]} Nxe5 {[%clk 00:57:20]} {[%emt 00:05:36]} 16. Ncxe5 {[%clk 00:52:56]}
{[%emt 00:01:34]} dxe5 {[%clk 00:57:47]} {[%emt 00:00:03]} 17. Qc2 {[%clk
00:51:38]} {[%emt 00:01:47]} a5 {[%clk 00:45:40]} {[%emt 00:12:37]} 18. Bc4
{[%clk 00:48:58]} {[%emt 00:03:11]} axb4 {[%clk 00:23:29]} {[%emt 00:22:42]} 19.
cxb4 {[%clk 00:49:21]} {[%emt 00:00:07]} Nd4 {[%clk 00:23:50]} {[%emt
00:00:09]} 20. Bxd4 {[%clk 00:48:31]} {[%emt 00:01:20]} exd4 {[%clk 00:24:18]}
{[%emt 00:00:02]} 21. Bd5 {[%clk 00:40:16]} {[%emt 00:08:44]} Bxd5 {[%clk
00:22:16]} {[%emt 00:02:31]} 22. exd5 {[%clk 00:40:41]} {[%emt 00:00:06]} Qd7
{[%clk 00:22:03]} {[%emt 00:00:42]} 23. Qc4 {[%clk 00:34:49]} {[%emt 00:06:23]}
Rad8 {[%clk 00:16:28]} {[%emt 00:06:04]} 24. Nxd4 {[%clk 00:34:31]} {[%emt
00:00:49]} Qxd5 {[%clk 00:16:52]} {[%emt 00:00:06]} 25. Nc6 {[%clk 00:34:06]}
{[%emt 00:00:54]} Qxc4 {[%clk 00:15:34]} {[%emt 00:01:47]} 26. Rxc4 {[%clk
00:34:33]} {[%emt 00:00:05]} Ra8 {[%clk 00:15:17]} {[%emt 00:00:47]} 27. Re7
{[%clk 00:30:13]} {[%emt 00:04:50]} Rxa2 {[%clk 00:15:40]} {[%emt 00:00:07]} 28.
Rxc7 {[%clk 00:30:34]} {[%emt 00:00:09]} Ra1+ {[%clk 00:14:55]} {[%emt
00:01:16]} 29. Kh2 {[%clk 00:30:52]} {[%emt 00:00:11]} Ra2 {[%clk 00:15:10]}
{[%emt 00:00:14]} 30. Kg3 {[%clk 00:22:25]} {[%emt 00:08:58]} h5 {[%clk
00:05:28]} {[%emt 00:10:12]} 31. Kf3 {[%clk 00:16:04]} {[%emt 00:06:51]} Re8
{[%clk 00:03:41]} {[%emt 00:02:17]} 32. Re7 {[%clk 00:15:17]} {[%emt 00:01:18]}
Rxe7 {[%clk 00:03:26]} {[%emt 00:00:46]} 33. Nxe7 {[%clk 00:15:41]} {[%emt
00:00:06]} Ra3+ {[%clk 00:02:11]} {[%emt 00:01:44]} 34. Ke2 {[%clk 00:12:44]}
{[%emt 00:03:29]} Ra2+ {[%clk 00:02:32]} {[%emt 00:00:07]} 35. Kf3 {[%clk
00:11:58]} {[%emt 00:01:16]} Ra3+ {[%clk 00:02:57]} {[%emt 00:00:05]} 36. Ke2
{[%clk 00:07:45]} {[%emt 00:04:43]} Ra2+ {[%clk 00:03:24]} {[%emt 00:00:03]} 37.
Kf3 {[%clk 00:07:31]} {[%emt 00:00:13]} 1/2-1/2

[Event "FIDE World Cup 2025"]
[Site "Goa, India"]
[Date "2025.11.02"]
[Round "2.17"]
[White "Hovhannisyan, Robert"]
[Black "Kavin, Mohan"]
[Result "1/2-1/2"]
[TimeControl ": 90 minutes for the first 40 moves, followed by 30 minutes for the rest of the gamewith an increment of 30 seconds per move starting from move 1"]
[WhiteFideId "13302507"]
[BlackFideId "5739047"]
[WhiteElo "2633"]
[BlackElo "2346"]

1. e4 {[%clk 01:30:57]} {[%emt 00:00:03]} e5 {[%clk 01:30:55]} {[%emt
00:00:06]} 2. Nf3 {[%clk 01:31:20]} {[%emt 00:00:07]} Nf6 {[%clk 01:31:18]}
{[%emt 00:00:05]} 3. Nc3 {[%clk 01:29:35]} {[%emt 00:02:16]} Nc6 {[%clk
01:31:43]} {[%emt 00:00:06]} 4. Bb5 {[%clk 01:29:57]} {[%emt 00:00:07]} Bc5
{[%clk 01:32:03]} {[%emt 00:00:10]} 5. O-O {[%clk 01:28:32]} {[%emt 00:01:56]}
O-O {[%clk 01:32:27]} {[%emt 00:00:05]} 6. Nxe5 {[%clk 01:28:09]} {[%emt
00:00:54]} Nxe5 {[%clk 01:32:50]} {[%emt 00:00:06]} 7. d4 {[%clk 01:28:36]}
{[%emt 00:00:03]} Bd6 {[%clk 01:33:13]} {[%emt 00:00:08]} 8. dxe5 {[%clk
01:28:43]} {[%emt 00:00:23]} Bxe5 {[%clk 01:33:37]} {[%emt 00:00:06]} 9. Bd3
{[%clk 01:28:47]} {[%emt 00:00:25]} Re8 {[%clk 01:33:58]} {[%emt 00:00:09]} 10.
Nb5 {[%clk 01:27:58]} {[%emt 00:01:20]} d5 {[%clk 01:34:14]} {[%emt 00:00:14]}
11. f4 {[%clk 01:25:38]} {[%emt 00:02:50]} Bg4 {[%clk 01:34:39]} {[%emt
00:00:04]} 12. Qd2 {[%clk 01:22:13]} {[%emt 00:03:56]} Bxb2 {[%clk 01:33:41]}
{[%emt 00:01:28]} 13. Bxb2 {[%clk 01:22:32]} {[%emt 00:00:11]} dxe4 {[%clk
01:34:04]} {[%emt 00:00:05]} 14. Bxf6 {[%clk 01:16:56]} {[%emt 00:06:07]} gxf6
{[%clk 01:34:29]} {[%emt 00:00:05]} 15. h3 {[%clk 01:16:36]} {[%emt 00:00:50]}
Bf5 {[%clk 01:34:48]} {[%emt 00:00:11]} 16. g4 {[%clk 01:16:17]} {[%emt
00:00:50]} Bc8 {[%clk 01:35:07]} {[%emt 00:00:11]} 17. Rfe1 {[%clk 01:11:55]}
{[%emt 00:04:52]} c6 {[%clk 01:18:52]} {[%emt 00:16:44]} 18. Nc3 {[%clk
01:06:05]} {[%emt 00:06:21]} exd3 {[%clk 01:18:34]} {[%emt 00:00:47]} 19. Rxe8+
{[%clk 01:04:52]} {[%emt 00:01:44]} Qxe8 {[%clk 01:18:57]} {[%emt 00:00:07]} 20.
Qxd3 {[%clk 01:03:56]} {[%emt 00:01:26]} Qe7 {[%clk 01:12:18]} {[%emt
00:07:08]} 21. f5 {[%clk 00:57:49]} {[%emt 00:06:38]} b6 {[%clk 01:06:14]}
{[%emt 00:06:34]} 22. Ne4 {[%clk 00:51:02]} {[%emt 00:07:16]} c5 {[%clk
01:03:34]} {[%emt 00:03:10]} 23. Re1 {[%clk 00:46:19]} {[%emt 00:05:13]} Bb7
{[%clk 01:00:28]} {[%emt 00:03:36]} 24. Qd7 {[%clk 00:24:54]} {[%emt 00:21:55]}
Qxd7 {[%clk 00:59:51]} {[%emt 00:01:08]} 25. Nxf6+ {[%clk 00:25:19]} {[%emt
00:00:05]} Kg7 {[%clk 01:00:13]} {[%emt 00:00:07]} 26. Nxd7 {[%clk 00:25:46]}
{[%emt 00:00:04]} Rd8 {[%clk 00:59:56]} {[%emt 00:00:47]} 27. Re7 {[%clk
00:23:47]} {[%emt 00:02:29]} Bc8 {[%clk 00:58:26]} {[%emt 00:02:00]} 28. Nb8
{[%clk 00:23:04]} {[%emt 00:01:13]} Bxf5 {[%clk 00:55:56]} {[%emt 00:03:00]} 29.
gxf5 {[%clk 00:23:23]} {[%emt 00:00:12]} Rxb8 {[%clk 00:56:21]} {[%emt
00:00:04]} 30. Rxa7 {[%clk 00:23:49]} {[%emt 00:00:04]} Rd8 {[%clk 00:55:56]}
{[%emt 00:00:54]} 31. Rb7 {[%clk 00:20:23]} {[%emt 00:03:56]} Rd1+ {[%clk
00:55:35]} {[%emt 00:00:51]} 32. Kf2 {[%clk 00:20:37]} {[%emt 00:00:16]} Rd2+
{[%clk 00:55:56]} {[%emt 00:00:10]} 33. Kf3 {[%clk 00:20:37]} {[%emt 00:00:30]}
Rxc2 {[%clk 00:56:20]} {[%emt 00:00:06]} 34. Rxb6 {[%clk 00:21:01]} {[%emt
00:00:06]} Rxa2 {[%clk 00:56:39]} {[%emt 00:00:11]} 35. Rc6 {[%clk 00:20:46]}
{[%emt 00:00:45]} Rc2 {[%clk 00:56:10]} {[%emt 00:00:58]} 36. Kg4 {[%clk
00:20:37]} {[%emt 00:00:39]} c4 {[%clk 00:55:31]} {[%emt 00:01:09]} 37. Kh5
{[%clk 00:20:41]} {[%emt 00:00:25]} Rf2 {[%clk 00:54:51]} {[%emt 00:01:10]} 38.
Kg4 {[%clk 00:20:36]} {[%emt 00:00:36]} Rg2+ {[%clk 00:54:04]} {[%emt
00:01:17]} 39. Kh4 {[%clk 00:20:38]} {[%emt 00:00:27]} 1/2-1/2

[Event "FIDE World Cup 2025"]
[Site "Goa, India"]
[Date "2025.11.02"]
[Round "2.18"]
[White "Silva, David"]
[Black "Anton Guijarro, David"]
[Result "0-1"]
[TimeControl ": 90 minutes for the first 40 moves, followed by 30 minutes for the rest of the gamewith an increment of 30 seconds per move starting from move 1"]
[WhiteFideId "10101314"]
[BlackFideId "2285525"]
[WhiteElo "2347"]
[BlackElo "2631"]

1. Nf3 {[%clk 01:28:21]} {[%emt 00:02:38]} d5 {[%clk 01:29:07]} {[%emt
00:01:53]} 2. g3 {[%clk 01:27:15]} {[%emt 00:01:36]} Nf6 {[%clk 01:23:52]}
{[%emt 00:05:45]} 3. Bg2 {[%clk 01:27:29]} {[%emt 00:00:17]} e6 {[%clk
01:24:15]} {[%emt 00:00:07]} 4. O-O {[%clk 01:27:31]} {[%emt 00:00:27]} Be7
{[%clk 01:24:40]} {[%emt 00:00:05]} 5. d3 {[%clk 01:22:03]} {[%emt 00:05:57]}
c5 {[%clk 01:24:34]} {[%emt 00:00:37]} 6. Nbd2 {[%clk 01:21:26]} {[%emt
00:01:07]} Nc6 {[%clk 01:24:52]} {[%emt 00:00:12]} 7. e4 {[%clk 01:21:48]}
{[%emt 00:00:08]} h6 {[%clk 01:23:51]} {[%emt 00:01:30]} 8. Re1 {[%clk
01:21:42]} {[%emt 00:00:36]} Qc7 {[%clk 01:20:18]} {[%emt 00:04:04]} 9. c3
{[%clk 01:21:36]} {[%emt 00:00:36]} b6 {[%clk 01:15:24]} {[%emt 00:05:24]} 10.
Nf1 {[%clk 01:18:08]} {[%emt 00:03:59]} dxe4 {[%clk 01:06:33]} {[%emt
00:09:20]} 11. dxe4 {[%clk 01:18:14]} {[%emt 00:00:24]} Bb7 {[%clk 01:06:25]}
{[%emt 00:00:39]} 12. Bf4 {[%clk 01:17:30]} {[%emt 00:01:14]} e5 {[%clk
01:05:51]} {[%emt 00:01:04]} 13. Bc1 {[%clk 01:17:44]} {[%emt 00:00:15]} Rd8
{[%clk 01:03:20]} {[%emt 00:03:02]} 14. N3d2 {[%clk 01:17:20]} {[%emt
00:00:54]} Na5 {[%clk 00:52:41]} {[%emt 00:11:09]} 15. Qe2 {[%clk 01:15:54]}
{[%emt 00:01:55]} O-O {[%clk 00:51:22]} {[%emt 00:01:50]} 16. Ne3 {[%clk
01:14:52]} {[%emt 00:01:31]} Rfe8 {[%clk 00:50:20]} {[%emt 00:01:32]} 17. Rb1
{[%clk 01:05:59]} {[%emt 00:09:23]} Qc8 {[%clk 00:48:43]} {[%emt 00:02:08]} 18.
b3 {[%clk 00:55:21]} {[%emt 00:11:07]} Ba6 {[%clk 00:44:31]} {[%emt 00:04:43]}
19. Qf3 {[%clk 00:53:28]} {[%emt 00:02:22]} Bd3 {[%clk 00:39:59]} {[%emt
00:05:02]} 20. Rb2 {[%clk 00:50:41]} {[%emt 00:03:19]} c4 {[%clk 00:39:29]}
{[%emt 00:01:00]} 21. b4 {[%clk 00:44:24]} {[%emt 00:06:47]} Nb7 {[%clk
00:39:26]} {[%emt 00:00:32]} 22. Nf5 {[%clk 00:44:30]} {[%emt 00:00:24]} Nd6
{[%clk 00:38:54]} {[%emt 00:01:01]} 23. Nxd6 {[%clk 00:43:33]} {[%emt
00:01:28]} Rxd6 {[%clk 00:38:36]} {[%emt 00:00:48]} 24. a4 {[%clk 00:41:06]}
{[%emt 00:02:57]} h5 {[%clk 00:35:11]} {[%emt 00:03:55]} 25. Nf1 {[%clk
00:36:59]} {[%emt 00:04:37]} Qc6 {[%clk 00:29:39]} {[%emt 00:06:02]} 26. Ra2
{[%clk 00:33:26]} {[%emt 00:04:04]} g6 {[%clk 00:27:09]} {[%emt 00:02:59]} 27.
b5 {[%clk 00:32:26]} {[%emt 00:01:31]} Qb7 {[%clk 00:26:53]} {[%emt 00:00:45]}
28. a5 {[%clk 00:29:02]} {[%emt 00:03:55]} Kg7 {[%clk 00:26:10]} {[%emt
00:01:12]} 29. Bg5 {[%clk 00:28:36]} {[%emt 00:00:55]} Ng4 {[%clk 00:25:33]}
{[%emt 00:01:08]} 30. axb6 {[%clk 00:25:51]} {[%emt 00:03:15]} axb6 {[%clk
00:21:02]} {[%emt 00:05:01]} 31. Rea1 {[%clk 00:24:38]} {[%emt 00:01:43]} Bxg5
{[%clk 00:16:28]} {[%emt 00:05:04]} 32. Ra7 {[%clk 00:24:20]} {[%emt 00:00:48]}
Qxa7 {[%clk 00:14:47]} {[%emt 00:02:12]} 33. Rxa7 {[%clk 00:22:30]} {[%emt
00:02:20]} Rf6 {[%clk 00:15:13]} {[%emt 00:00:03]} 34. Qd1 {[%clk 00:22:27]}
{[%emt 00:00:32]} Rxf2 {[%emt 00:02:43]} 0-1